000 00910nas a2200277 4500
001 BR2011002654
003 BR-BrBNA
005 20231205115304.0
007 ta
008 230509b bl.|||p| |||| 00| 00por d
040 _aBR-BrBNA
_bpor
_cBiblioteca Nacional de Agricultura
041 _a(Pt)
072 _aS40
100 1 _aCamargo, A.A.
100 1 _aOliveira, M.R.M. de
100 1 _aRenosto, R.V.
100 1 _aVieira, C.M.
245 1 _aPromoção e avaliação da atitude de Vigilância Nutricional na Atenção Básica à Saúde de municípios das bacias Piracicaba-Capivari
650 _aSAÚDE
650 _aPOLÍTICAS PÚBLICAS
650 _aSEGURANÇA ALIMENTAR
650 _aNUTRIÇÃO HUMANA
773 0 _tSegurança Alimentar e Nutricional (Brazil)
_xISSN 1808-8023
_g(2010), v. 17(2) p. 26-39
_wBR2011002654
909 _a202311
_bLúcia
_c55
_dLúcia Elande
942 _2AGRIS
_n0
_cANA
999 _c213027
_d213027